Les 20 plus grandes villes de la Manche sur une carte - Statistiques

Statistiques générales
  • Ce quiz a été pris 87 fois
  • Le résultat moyen est 9 sur 20
Réponses sur la Carte
Les réponses sont colorées sur une échelle allant du rouge au vert en fonction du pourcentage des utilisateurs qui les ont devinées à leur premier essai. Vous pouvez retrouver ces pourcentages ci-dessous.
 
Statistiques - réponses
Population Initiale Ville % Correct
78 028 C Cherbourg-en-Cotentin
100%
19 352 S Saint-Lô
96%
10 225 A Avranches
90%
12 799 G Granville
90%
8 372 C Coutances
79%
11 444 (La) H La Hague
67%
10 220 C Carentan-les-Marais
54%
6 896 V Valognes
47%
4 319 P Pontorson
44%
3 845 V Villedieu-les-Poêles-Rouffigny
43%
5 735 S Saint-Hilaire-du-Harcouët
33%
5 888 B Bricquebec-en-Cotentin
31%
4 966 S Saint-James
29%
4 266 A Agneaux
27%
3 480 B Bréhal
23%
4 372 S Saint-Pair-sur-Mer
23%
3 986 (La) H La Haye
21%
4 441 T Torigny-les-Villes
19%
4 136 C Condé-sur-Vire
17%
3 319 B Bourgvallées
9%
Aucun quiz correspondant
Distribution des résultats
% des personnes avec chaque résultat
Percentile par nombre de réponses
Votre historique - résultats
Vous n’avez pas pris ce quiz